000 004750000a22001930004500
001 000866
003 MACL
005 20151013134037.0
008 151013b xxu||||| |||| 00| 0 eng d
040 _aMACL
_cMACL
041 _aEnglish
082 _a920/DVG
100 _aDuggal, K.S.
_914606
245 _aGiani Gurmukh Singh 'Musafir'
_cK.S. Duggal
260 _aNew Delhi
_c2001
_bNational Book Trust,
350 _a35
650 _aBiography
_914607
942 _k920
_cBK
_2ddc
999 _c864
_d864